[Event "ROM-ch U12"]
[Site "Calimanesti Caciulata"]
[Date "2016.04.24"]
[Round "8"]
[White "Titu, Robert Stefan"]
[Black "Boeru, Darius Alexandru"]
[Result "0-1"]
[WhiteElo "1245"]
[BlackElo "1586"]
[PlyCount "118"]
[EventDate "2016.04.18"]
[EventType "swiss"]
[EventRounds "9"]
[EventCountry "ROU"]
[SourceTitle "CBM 172 Extra"]
[Source "ChessBase"]
[SourceDate "2016.06.21"]
[SourceVersion "1"]
[SourceVersionDate "2016.06.21"]
[SourceQuality "1"]

1. e4 d5 2. exd5 Qxd5 3. Nc3 Qd6 4. d4 Nf6 5. Nge2 Bg4 6. f3 Bf5 7. Ng3 Bg6 8. Bc4 e6 9. 0-0 c6 10. Re1 Qc7 11. d5 cxd5 12. Bxd5 Bb4 13. Bd2 Bxc3 14. Bxc3 Qc5+ 15. Qd4 Qxd4+ 16. Bxd4 Nxd5 17. Bxg7 Rg8 18. Bd4 Nc6 19. Bf2 Ndb4 20. Re2 Nxc2 21. Rc1 N2b4 22. b3 Nd3 23. Rd1 0-0-0 24. Be3 Ndb4 25. Rc1 Kb8 26. Bf4+ e5 27. Bd2 Rd7 28. a3 Nd3 29. Rc4 Nd4 30. Re3 Nxb3 31. Bc3 Rc8 32. Bxe5+ Nxe5 33. Rxc8+ Kxc8 34. Rxb3 Rd1+ 35. Kf2 Rd2+ 36. Ke3 Nc4+ 37. Kf4 Rxg2 38. Rc3 Rc2 39. Rb3 Rxh2 40. Rc3 Rc2 41. Rb3 Ra2 42. Rc3 b5 43. Ne4 Bxe4 44. fxe4 Rxa3 45. Rc1 Kd7 46. Kg5 Re3 47. Kh6 Rxe4 48. Kxh7 f5 49. Kg6 Re5 50. Kg5 a5 51. Rb1 a4 52. Ra1 a3 53. Rb1 a2 54. Rd1+ Kc6 55. Ra1 Re2 56. Kxf5 Na5 57. Kf4 Nb3 58. Rd1 a1Q 59. Rxa1 Nxa1 0-1

[Event "ROM-ch U10"]
[Site "Calimanesti"]
[Date "2015.04.05"]
[Round "8"]
[White "Buca, Dragos Stefan"]
[Black "Titu, Robert Stefan"]
[Result "0-1"]
[WhiteElo "1098"]
[BlackElo "1319"]
[PlyCount "74"]
[EventDate "2015.03.30"]
[EventType "swiss"]
[EventRounds "9"]
[EventCountry "ROU"]
[SourceTitle "CBM 165 Extra"]
[Source "ChessBase"]
[SourceDate "2015.04.21"]
[SourceVersion "1"]
[SourceVersionDate "2015.04.21"]
[SourceQuality "1"]

1. e4 e6 2. d4 d5 3. exd5 exd5 4. Bd3 Nc6 5. c3 Nf6 6. h3 h6 7. Nf3 Be7 8. Nbd2 0-0 9. 0-0 Be6 10. Re1 Qd7 11. Ne5 Nxe5 12. dxe5 Ne8 13. Bb1 Bf5 14. Bxf5 Qxf5 15. Qf3 Qe6 16. Qe2 Bc5 17. b4 Bb6 18. Nf3 f6 19. Be3 fxe5 20. Bxb6 Qxb6 21. Qxe5 Rd8 22. Qe6+ Qxe6 23. Rxe6 Nd6 24. Rd1 Ne4 25. c4 Nc3 26. Rd4 Nxa2 27. cxd5 Nc3 28. Re5 Rfe8 29. Rxe8+ Rxe8 30. Rd2 Rd8 31. Ne1 Nxd5 32. Nc2 Rd7 33. Ne3 Nf6 34. Re2 Kf7 35. Kh2 c6 36. Nc4 Rc7 37. Nd6+ Kf8 0-1

[Event "ROM-ch U10"]
[Site "Calimanesti"]
[Date "2014.04.12"]
[Round "8"]
[White "Pontos, Silviu Andrei"]
[Black "Titu, Robert Stefan"]
[Result "0-1"]
[WhiteElo "1225"]
[BlackElo "1064"]
[PlyCount "46"]
[EventDate "2014.04.06"]
[EventType "swiss"]
[EventRounds "9"]
[EventCountry "ROU"]
[SourceTitle "CBM 160 Extra"]
[Source "ChessBase"]
[SourceDate "2014.07.01"]
[SourceVersion "1"]
[SourceVersionDate "2014.07.01"]
[SourceQuality "1"]

1. e4 e5 2. Nf3 Nf6 3. d3 Bc5 4. Be2 Nc6 5. 0-0 0-0 6. Nc3 d5 7. exd5 Nxd5 8. Nxd5 Qxd5 9. h3 Bf5 10. Kh1 Qd7 11. Be3 Bxe3 12. fxe3 Rad8 13. e4 Be6 14. b3 f6 15. a4 Ne7 16. Nh2 f5 17. exf5 Nxf5 18. Kg1 Qd4+ 19. Rf2 Ne3 20. Qd2 Qxa1+ 21. Nf1 Rxf2 22. Kxf2 Rf8+ 23. Kxe3 Qd4# 0-1